[Event "Tekirdag Rodosto"]
[Site "Tekirdag"]
[Date "2016.11.07"]
[Round "6"]
[White "Atalik, Suat"]
[Black "Danailov, Silvio"]
[Result "1-0"]
[WhiteElo "2550"]
[BlackElo "2442"]
[Annotator "Atalik,S"]
[PlyCount "81"]
[EventDate "2016.11.02"]
[EventType "tourn"]
[EventRounds "9"]
[EventCountry "TUR"]
[EventCategory "11"]
[SourceTitle "CBM 176"]
[Source "ChessBase"]
[SourceDate "2017.01.17"]
[SourceVersion "1"]
[SourceVersionDate "2017.01.17"]
[SourceQuality "1"]

1. d4 Nf6 2. c4 e6 3. Nc3 ({The move order with} 3. Nf3 c5 4. d5 d6 5. Nc3 exd5
6. cxd5 g6 {would have prevented the system I played in this game.}) 3... c5 {
Silvio goes for the Modern Benoni.} (3... Bb4 {Many Benoni players combine
their opening with the Nimzo,thus avoiding lines with f3 and f4.}) 4. d5 exd5
5. cxd5 d6 6. e4 g6 7. Bf4 a6 {An almost automatic move.} (7... Nh5 $6 8. Be3
Bg7 9. Be2 Nf6 10. Nf3) 8. a4 Bg7 9. Be2 O-O (9... Qe7 $6 10. Nf3 $1 Nxe4 11.
Nxe4 Qxe4 12. Bxd6 Qb4+ 13. Nd2 $16) 10. Nf3 Bg4 $1 11. Nd2 $1 {The idea
behind White's system.} Bxe2 12. Qxe2 Nh5 $1 13. Be3 Nd7 {After all the
logical moves White has to come up with a decision. For a long time I did not
touch this line so I had forgotten my analysis.} 14. O-O (14. g4 Nhf6 15. O-O
$13 {is another approach.}) 14... f5 $1 (14... Qe7 15. a5) (14... Re8 15. a5) (
{Suba's} 14... Qh4 $5 {is an alternative to the text.}) (14... Bd4 15. Nf3 $5 (
15. a5 Qf6 16. Ra4) (15. Nc4 Qf6 16. Qd2)) 15. exf5 Rxf5 16. Rae1 $146 {
An over the board novelty which makes a lot of sense.} (16. Nc4 Ne5 17. f4 Nxc4
18. Qxc4 Qh4 $40) (16. f4 Bd4 17. g3 $13) 16... Qf8 $1 (16... Qe7 $2 17. g4 Nf4
18. Bxf4 Qxe2 19. Nxe2 {loses a piece.}) 17. Qd1 $1 Nf4 (17... Re8 $2 18. g4)
18. Nde4 h6 $2 ({Silvio rejected} 18... Ne5 $1 19. Bxf4 (19. g3 $2 Nf3+) 19...
Rxf4 20. Ng5 {because of the e6-square but things are not so simple after} Rb4
21. Ne6 Qf5 $132 22. f4 Nf7 23. Nxg7 (23. g4 Qf6) 23... Kxg7 24. Qd2 b5 25.
axb5 axb5 $14) 19. g3 Nh3+ 20. Kg2 Ng5 21. Nxg5 ({It is even better to capture
with the bishop. However I had not seen the motif at all:} 21. Bxg5 $142 hxg5
22. g4 Re5 23. Nxg5 Rxg5 24. f4 $18) 21... hxg5 22. g4 $1 (22. Ne4 g4 $132 (
22... Qe7 23. Bc1)) 22... Re5 23. f4 $6 (23. Bxg5 $1 Rxg5 24. f4 {is just like
stated above.}) 23... gxf4 ({The exchange sac is not so terrible} 23... Rxe3 $5
24. Rxe3 gxf4 25. Re6 Ne5 26. Ne4 f3+ 27. Rxf3 $1 (27. Kg3 $5) 27... Qxf3+ 28.
Qxf3 Nxf3 29. Kxf3 Rf8+ 30. Ke3 (30. Ke2 Rf4 $16) 30... Bd4+ 31. Ke2 $16 {
but at the end only White could play for a win.}) 24. Bxf4 Qe7 $2 {Silvio
should not have sacrificed the exchange this time.} (24... Rxe1 $1 25. Qxe1 Re8
26. Qg3 Bxc3 $1 27. bxc3 Re2+ 28. Kg1 (28. Rf2 $2 Rxf2+ 29. Qxf2 Nb6) 28... Qe8
29. Bxd6 b5 $44 {and things are not clear.}) 25. Bxe5 Bxe5 26. Rf3 Rf8 27. h3
$1 $18 Kg7 28. Rxf8 Nxf8 29. Qd2 Nh7 30. a5 Ng5 (30... Qh4 $2 31. Rxe5 $1 dxe5
32. Ne4 $18 {with a trivial win.}) 31. Ne4 Nf7 (31... Nxe4 32. Rxe4 Qf6 33. b4
Bc3 34. Qe3 $18) 32. b3 $5 (32. b4 cxb4 33. Qxb4 Qc7 34. Re2 Qc1 35. Rf2 $18)
32... Qd8 33. Rf1 Qe7 34. g5 Qd8 35. h4 b5 (35... Qe7 36. Qf2 Bd4 37. Qf6+ $18)
36. axb6 Qxb6 37. Qd3 Qb7 38. Nf6 Qb4 39. Qf3 $5 (39. h5 $18 {also wins.})
39... Qb7 40. Ng4 Bd4 (40... Qe7 41. Qxf7+ $1 Qxf7 42. Rxf7+ Kxf7 43. Nxe5+
dxe5 44. h5 $18 {and the pawns are unstoppable.}) 41. Nh6 $1 1-0

[Event "Moscow"]
[Site "Moscow"]
[Date "1981.04.??"]
[Round "3"]
[White "Portisch, Lajos"]
[Black "Kasparov, Garry"]
[Result "1/2-1/2"]
[WhiteElo "2650"]
[BlackElo "2625"]
[Annotator "Belov,I"]
[PlyCount "98"]
[EventDate "1981.04.08"]
[EventType "tourn"]
[EventRounds "13"]
[EventCountry "URS"]
[EventCategory "15"]
[SourceTitle "MCL"]
[Source "ChessBase"]
[SourceDate "1999.07.01"]
[SourceVersion "1"]
[SourceVersionDate "1999.07.01"]
[SourceQuality "1"]

1. d4 Nf6 2. c4 e6 3. Nc3 c5 4. d5 exd5 5. cxd5 d6 6. Nf3 g6 7. Bf4 a6 8. a4
Bg7 9. e4 Bg4 10. Be2 O-O (10... Bxf3 11. Bxf3 O-O) 11. O-O Re8 (11... Qe7 12.
Nd2 Bxe2 13. Qxe2 Nh5 14. Be3 Nd7 15. a5 Bd4 (15... Rfb8 16. Rfe1 b5 17. axb6
Rxb6 18. Nc4 Rbb8 19. g4 Nhf6 20. Bf4 Ne8 21. Bg3 $14 {Gavrilov,A-Blokh,M/RUS/
1992/1:0 (35) Inf 56/93/}) 16. Ra4 Qf6 17. Qd3 Ne5 18. Bxd4 Nxd3 19. Bxf6 Nxf6
20. Nc4 $14 {Naumkin,I-Ciemniak/Capelle la Grande/1992/Inf 55/(100)/}) 12. Nd2
Bxe2 13. Qxe2 Nh5 14. Be3 Nd7 15. g4 (15. a5 Qh4 16. Ra4 $5 Ne5 17. f3 $1 Nf4
18. Bxf4 Qxf4 19. g3 Qf6 20. f4 $16 {Naumkin,I-Minasian,A/Moscow/1992/0,5 (42)
Inf 55/100/}) 15... Nhf6 16. f3 h6 $6 (16... Rc8 $142 17. a5 (17. Kg2 $6 Ne5
18. a5 {Hjartarson,J-De Firmian,N/Copenhagen/1985/1:0 (40) Inf 39/136/} h5 $1
19. h3 c4 $13) (17. Kh1 $5 h6 18. g5 hxg5 19. Bxg5 Qe7 (19... Qc7 $142) 20. f4
Qf8 21. Bxf6 Nxf6 22. e5 $16 {Kozul,Z-Vlaovic/Novi Becej/1986/}) 17... Ne5 18.
Kh1 h6 19. g5 $1 Nh5 20. f4 $1 Nd7 21. gxh6 Bxh6 22. Nc4 Qe7 23. Rae1 $14 {
Browne,W-De Firmian,N/USA(ch)/1985/1:0 (35) Inf 40/126/}) 17. Kh1 Ne5 (17...
Rc8 18. g5 $1 hxg5 19. Bxg5 $16) 18. Rg1 (18. g5 $142 hxg5 (18... Nh5 19. f4
Nd7 20. gxh6 Bxh6 21. Nc4 $16) 19. Bxg5 Qc7 20. f4 $16) 18... b5 $5 19. g5 $5 (
19. axb5 axb5 20. Nxb5 Qb6 $44) 19... hxg5 20. Bxg5 c4 $1 {>< d3/} 21. axb5 (
21. f4 Nd3 $13) 21... axb5 22. Rxa8 Qxa8 23. Nxb5 Qb8 24. Na3 Qxb2 25. Naxc4
Nxc4 26. Qxc4 Nh5 $1 $44 27. Qc6 (27. Qb3 Qxb3 28. Nxb3 f5 $1 29. Nd2 Rc8 $10)
27... Rb8 $1 28. Qxd6 $5 (28. Rb1 Qxb1+ 29. Nxb1 Rxb1+ 30. Kg2 Rb2+ 31. Kf1 Be5
$44) 28... Be5 29. Qd7 Qd4 30. Qg4 Rb2 31. Rd1 $1 (31. Qxh5 Qxg1+ 32. Kxg1 gxh5
$10) 31... Qd3 32. Qc8+ Kg7 33. Qc4 Qa3 34. Qe2 Qa4 (34... Nf4 $2 35. Bxf4 Bxf4
36. Nc4 $16) (34... Qa2 $142 $1) 35. Rb1 Ra2 36. Be3 Qd7 $1 {>< h3/} 37. Qf2
Qh3 38. f4 $6 (38. Bd4 $142 Bxd4 (38... Ng3+ 39. Qxg3 $1) 39. Qxd4+ Kh7 $13)
38... Bc3 39. Bd4+ Bxd4 40. Qxd4+ Kh7 (40... f6 $5 41. Qc5 $1 $13 {Kasparov/})
41. Rg1 $1 Kg8 $1 42. d6 Rxd2 $1 43. Qxd2 Qf3+ 44. Qg2 Ng3+ $1 45. hxg3 Qh5+
46. Qh2 Qf3+ 47. Rg2 Qd1+ 48. Qg1 Qh5+ 49. Rh2 Qf3+ 1/2-1/2

[Event "POL-ch 52nd"]
[Site "Warsaw"]
[Date "1995.??.??"]
[Round "3"]
[White "Grabarczyk, Miroslaw"]
[Black "Gdanski, Jacek"]
[Result "1-0"]
[WhiteElo "2440"]
[BlackElo "2490"]
[Annotator "Bulletin"]
[PlyCount "81"]
[EventDate "1995.02.11"]
[EventType "tourn"]
[EventRounds "17"]
[EventCountry "POL"]
[EventCategory "8"]
[SourceTitle "EXT 1999"]
[Source "ChessBase"]
[SourceDate "1998.11.16"]
[SourceVersion "1"]
[SourceVersionDate "1998.11.16"]
[SourceQuality "1"]

1. d4 g6 2. c4 Bg7 3. Nf3 c5 4. d5 d6 5. e4 Bg4 6. Be2 e6 7. O-O exd5 8. cxd5
Nf6 9. Nc3 O-O 10. h3 Bxf3 11. Bxf3 a6 12. a4 Nbd7 13. Re1 Rb8 14. Be2 Re8 15.
Bf1 Nh5 16. g4 Nhf6 17. a5 h5 18. g5 Nh7 19. f4 Bd4+ 20. Kg2 h4 21. Bd3 f6 $2
22. e5 $1 dxe5 23. Bxg6 Re7 24. Bxh7+ Kxh7 25. Ne4 Rg7 26. Qg4 Qf8 27. Kh1 $2 (
27. f5 $18) 27... f5 28. Qxh4+ Kg8 29. Nf6+ Nxf6 30. gxf6 Qd8 $1 31. Kh2 e4 $1
32. Be3 Bxf6 33. Qh6 Bxb2 34. Qe6+ Kh8 35. Rab1 Qh4 36. Rg1 Rbg8 37. Qxf5 Rg3
38. Bxc5 e3 39. Rxb2 $1 Rxg1 40. Bd4+ R1g7 $4 (40... R8g7 41. Bxg7+ (41. Qf8+
Kh7 42. Qf5+ R1g6 43. Rg2 $4 Qxf4+ $1 44. Qxf4 Rxg2+ 45. Kh1 Rg1+ 46. Kh2 R7g2#
) 41... Rxg7 42. Rg2 (42. Qf8+ $2 Rg8 $19) (42. Qc8+ Kh7 43. Qf5+ Kh8 44. Qc8+
Kh7 $11 (44... Rg8 $4 45. Qc3+ $18)) 42... Rxg2+ (42... Qe7 43. Re2) 43. Kxg2
Qf2+ 44. Kh1 Qf3+ 45. Kh2 Qf2+ 46. Kh1 e2 47. Qf8+ Kh7 48. Qf7+ Kh6 49. Qf6+
Kh7 50. Qf7+ $11) 41. Rg2 1-0

[Event "URS-ch46 First League"]
[Site "Ashkhabad"]
[Date "1978.??.??"]
[Round "1"]
[White "Razuvaev, Yuri S"]
[Black "Tseshkovsky, Vitaly"]
[Result "0-1"]
[WhiteElo "2460"]
[BlackElo "2570"]
[Annotator "Bulletin"]
[PlyCount "84"]
[EventDate "1978.10.??"]
[EventType "tourn"]
[EventRounds "17"]
[EventCountry "URS"]
[EventCategory "10"]
[SourceTitle "MCL"]
[Source "ChessBase"]
[SourceDate "1999.07.01"]
[SourceVersion "1"]
[SourceVersionDate "1999.07.01"]
[SourceQuality "1"]

1. d4 Nf6 2. c4 c5 3. d5 e6 4. Nc3 exd5 5. cxd5 g6 6. e4 d6 7. Bf4 Bg7 8. Bb5+
Bd7 9. Be2 Qe7 (9... Qc7 10. Nf3 O-O 11. Nd2 $14) 10. Qc2 O-O 11. Nf3 Bg4 12.
h3 Bxf3 13. Bxf3 Nbd7 14. O-O a6 15. a4 Rab8 16. a5 Ne8 17. Rfe1 Nc7 18. Be2
Bd4 $1 $15 19. Bf1 b5 20. axb6 Rxb6 21. Be3 Rfb8 22. Bxd4 cxd4 23. Na4 R6b7 24.
b3 Qf6 25. Rac1 Ne5 26. Qd2 g5 27. Red1 Nb5 28. f3 d3 $1 29. Bxd3 Nd4 30. Qf2
Rxb3 31. Be2 R8b4 32. Ra1 Nxe2+ 33. Qxe2 Nd3 34. Ra2 Qd4+ 35. Kh2 Qe5+ 36. Kg1
Nf4 37. Qc2 Kg7 38. Kf1 Nxh3 39. Qc8 (39. gxh3 Rxf3+ 40. Ke2 Qf4) 39... Nf4 40.
Qf5 Qxf5 41. exf5 Kf6 42. Kf2 Kxf5 0-1

[Event "USA-ch"]
[Site "Greenville"]
[Date "1983.??.??"]
[Round "1"]
[White "Alburt, Lev O"]
[Black "Kudrin, Sergey"]
[Result "1/2-1/2"]
[WhiteElo "2560"]
[BlackElo "2505"]
[Annotator "Bulletin"]
[PlyCount "73"]
[EventDate "1983.07.??"]
[EventType "tourn"]
[EventRounds "13"]
[EventCountry "USA"]
[EventCategory "10"]
[SourceTitle "MCL"]
[Source "ChessBase"]
[SourceDate "1999.07.01"]
[SourceVersion "1"]
[SourceVersionDate "1999.07.01"]
[SourceQuality "1"]

1. d4 Nf6 2. c4 e6 3. Nf3 c5 4. d5 exd5 5. cxd5 d6 6. Nc3 g6 7. e4 Bg7 8. Be2
a6 9. a4 Bg4 10. Bf4 O-O 11. O-O Bxf3 (11... Re8 12. Nd2 Bxe2 13. Qxe2 Nh5 14.
Be3 Nd7 15. a5) 12. Bxf3 Qe7 13. e5 $5 (13. Qb3 $5) (13. Re1) 13... dxe5 14. d6
Qe6 15. Bg5 Nc6 $2 (15... Nbd7 16. Bxb7 Rab8 17. Bxa6 Rxb2) 16. Bxf6 $1 Bxf6
17. Bxc6 $1 bxc6 18. Ne4 Rfd8 $1 19. Qe2 (19. Qg4 $2 Rxd6 $1) 19... a5 20. Rfd1
Bg7 21. Nxc5 Qe8 22. Rac1 Rab8 23. Qa6 e4 24. d7 Qe7 25. Qxc6 e3 26. fxe3 Rxb2
27. Nb7 Be5 $1 28. Rc2 $2 (28. Qc8 $1 Bxh2+ 29. Kh1 Bc7 30. Qxc7 Qh4+ 31. Qh2)
28... Rxd7 $3 29. Rxd7 (29. Qxd7 Qxd7 30. Rxd7 Rxc2 31. Nxa5 Rc1+ 32. Kf2 Ra1)
29... Rb1+ 30. Kf2 Qh4+ 31. g3 $6 (31. Ke2 $1 Qe1+ $2 (31... Re1+ 32. Kd3 Rd1+
33. Rd2) (31... Qg4+ $1 32. Kf2 (32. Qf3 Qxd7) (32. Kd3 Qd1+ 33. Rd2 Qf1+)
32... Qh4+ 33. Ke2) 32. Kf3 $1 (32. Kd3 $2 Qf1+) 32... Qf1+ (32... Bxh2 33.
Rd8+ Kg7 34. Qc3+) 33. Rf2) 31... Qxh2+ 32. Qg2 Bxg3+ 33. Kf3 Qh5+ 34. Kxg3
Qe5+ 35. Kf2 Qf5+ 36. Kg3 Qe5+ (36... Qxd7) 37. Kf2 1/2-1/2

[Event "EU-chT (Men) 10th"]
[Site "Debrecen"]
[Date "1992.11.??"]
[Round "8.2"]
[White "Lputian, Smbat G"]
[Black "Suba, Mihai"]
[Result "0-1"]
[WhiteElo "2560"]
[BlackElo "2520"]
[Annotator "Bulletin"]
[PlyCount "80"]
[EventDate "1992.11.20"]
[EventType "team-swiss"]
[EventRounds "9"]
[EventCountry "HUN"]
[SourceTitle "EU-chT"]
[Source "ChessBase"]
[SourceDate "1999.07.01"]
[SourceVersion "2"]
[SourceVersionDate "1999.07.01"]
[SourceQuality "1"]
[WhiteTeam "Armenia"]
[BlackTeam "Romania"]
[WhiteTeamCountry "ARM"]
[BlackTeamCountry "ROU"]

1. d4 Nf6 2. c4 e6 3. Nf3 c5 4. d5 d6 5. Nc3 exd5 6. cxd5 g6 7. e4 a6 8. a4 Bg4
9. Be2 Bg7 10. O-O O-O 11. Nd2 Bxe2 12. Qxe2 Nbd7 13. Nc4 Nb6 14. Na3 Re8 15.
Qc2 Nh5 $1 (15... Nxa4 $2 16. Qxa4 b5 17. Qc2 b4 18. f3 $1 $16) (15... Qe7) 16.
a5 Nd7 17. Nc4 Ne5 18. Nb6 Rb8 19. Ra3 Qh4 $36 20. Ne2 Rbd8 21. f3 Re7 $1 22.
Be3 f5 $5 23. exf5 Rde8 $44 24. Bf2 Qf6 (24... Qg5 25. f4 Nxf4 26. Nxf4 Qxf4
27. Bxc5) 25. fxg6 Nxg6 $40 {פb6} 26. Nc3 Ngf4 27. Ne4 Qg6 28. Bh4 (28. Bg3
Bd4+ $19) (28. g3 Bxb2 $1 29. Qxb2 Rxe4 30. fxe4 Nh3+ 31. Kg2 N5f4+ 32. Kf3
Qxe4+ 33. Kg4 h5+ 34. Kh4 Qe7+ $19) 28... Rxe4 $5 29. fxe4 Rxe4 {/\ Qg4} 30.
Raf3 $2 (30. Kh1 $8 Re1 (30... Ne2 $5) 31. Qf2 Re2 32. Qf3 Rxg2 33. Bf2 Bxb2
34. Re3 Bd4 35. Re6 Qc2 36. Rg1 $17) 30... Ne2+ 31. Kh1 Nd4 32. Qf2 Nxf3 33.
gxf3 Bd4 34. Rg1 (34. fxe4 Bxf2 35. Rxf2 Qxe4+ 36. Kg1 Nf4 $19) 34... Bxf2 35.
Rxg6+ hxg6 36. Bxf2 Re2 37. Kg2 Rxb2 38. Nc4 Rb4 39. Nxd6 c4 40. Be3 Nf6 0-1

[Event "EU-chT 08th Group3"]
[Site "Middlesbrough"]
[Date "1982.07.10"]
[Round "1"]
[White "Johannsson, Ingi Randver"]
[Black "Littlewood, John Eric"]
[Result "0-1"]
[WhiteElo "2435"]
[BlackElo "2380"]
[Annotator "ChessBase"]
[PlyCount "28"]
[EventDate "1982.07.10"]
[EventType "team-tourn"]
[EventRounds "2"]
[EventCountry "ENG"]
[SourceTitle "EXT 2018"]
[Source "ChessBase"]
[SourceDate "2017.10.13"]
[SourceVersion "1"]
[SourceVersionDate "2017.10.13"]
[SourceQuality "1"]
[WhiteTeam "Iceland"]
[BlackTeam "England"]
[WhiteTeamCountry "ISL"]
[BlackTeamCountry "ENG"]

1. d4 Nf6 2. c4 c5 3. d5 e6 4. Nc3 exd5 5. cxd5 d6 6. e4 g6 7. Nf3 Bg7 8. Be2
O-O 9. O-O a6 10. a4 Bg4 11. Bf4 Re8 12. h3 {[#]} Nxe4 13. Nxe4 Rxe4 14. Bg5
Qe8 {and Black won eventually} 0-1

[Event "YUG-ch"]
[Site "Yugoslavia"]
[Date "1989.??.??"]
[Round "?"]
[White "Kozul, Zdenko"]
[Black "Damljanovic, Branko"]
[Result "1-0"]
[WhiteElo "2490"]
[BlackElo "2530"]
[Annotator "ChessBase"]
[PlyCount "73"]
[EventDate "1989.02.??"]
[EventType "tourn"]
[EventRounds "17"]
[EventCountry "YUG"]
[SourceTitle "CBM 013"]
[Source "ChessBase"]
[SourceDate "1989.12.01"]
[SourceVersion "1"]
[SourceVersionDate "1989.12.01"]
[SourceQuality "1"]

1. d4 Nf6 2. c4 c5 3. d5 g6 4. Nc3 Bg7 5. e4 d6 6. Nf3 O-O 7. Be2 e6 8. O-O
exd5 9. cxd5 a6 10. a4 Bg4 11. Bf4 Bxf3 12. Bxf3 Qe7 13. Re1 Nbd7 14. a5 Rfe8
15. Qd2 Rac8 16. Na4 $1 h5 17. Rac1 Nh7 18. h3 Be5 19. Be3 Qf6 {/\ ...Be5, Ne5}
20. b4 $1 c4 21. Nc3 Qh4 $6 22. Ne2 $1 Ndf6 $2 (22... g5 $2 23. g3 Qxh3 24. Bg2
Qg4 25. f3 $18) 23. g3 $1 Qxh3 24. Bg2 Qg4 25. f3 Qd7 26. f4 $18 Nxe4 27. Bxe4
Bxf4 28. Bxf4 Rxe4 29. Nc3 Rxe1+ 30. Rxe1 Nf6 31. Bg5 Nh7 32. Re7 Qg4 33. Bf4
h4 34. Qe2 Qxe2 35. Rxe2 g5 36. Bxd6 Rd8 37. Be7 1-0

[Event "Tel Aviv int"]
[Site "Tel Aviv"]
[Date "2000.03.25"]
[Round "5"]
[White "Gershon, Alik"]
[Black "Marin, Mihail"]
[Result "1-0"]
[WhiteElo "2471"]
[BlackElo "2555"]
[Annotator "Gershon,A"]
[PlyCount "73"]
[EventDate "2000.03.??"]
[EventType "tourn"]
[EventRounds "9"]
[EventCountry "ISR"]
[EventCategory "9"]
[SourceTitle "CBM 077"]
[Source "ChessBase"]
[SourceDate "2000.07.27"]
[SourceVersion "1"]
[SourceVersionDate "2000.07.27"]
[SourceQuality "1"]

1. d4 Nf6 2. c4 c5 3. d5 d6 4. Nc3 g6 5. e4 Bg7 6. Nf3 O-O 7. Be2 e6 8. O-O
exd5 9. cxd5 a6 10. a4 Bg4 11. Bf4 {/\ Nd2} Bxf3 12. Bxf3 Qe7 13. Re1 Nbd7 14.
a5 Rfe8 (14... Ne8 {Personally I think this is the better way for black to
continue, opening the bishop while the knight can sometimes go to b5}) 15. h3
Rab8 $5 $146 {A novelty according to my database.Black's idea is to simply
play b5} (15... h5 $5 16. Rb1 (16. Na4 $143 Nh7 17. Qd2 Bd4 18. Rab1 Qf6 19. b4
c4 20. Be3 Bxe3 21. Rxe3 Ng5 $36 {0-1 Bilobrk,F-Horvath,C/Pula 1998/EXT 2000 
(30)}) 16... Nh7 17. Qd2 Qf6 18. Na4 g5 19. Bg3 Qg6 20. Bd1 g4 21. hxg4 hxg4
22. Bc2 $14 {1/2-1/2 Piket,J-Spraggett,K/Oviedo 1992/TD (43)}) (15... Ne5 16.
Be2 Qc7 17. Bh2 (17. Ra4 Rac8 18. Bg3 Ned7 19. Qc2 Re7 20. f4 Rce8 21. Bf3 c4
22. Bf2 h6 23. Qd2 $16 {[%csl Rc4] 1-0 Schoeneberg,M-Foisor,O/Leipzig 1986/EXT
97 (40)}) 17... c4 18. f4 $6 {[%csl Rg1][%cal Ra7g1]} Ned7 19. Bf1 b5 20. axb6
Qxb6+ 21. Kh1 Qxb2 $17 {0-1 Ahlander,B-De Firmian,N/Stockholm 1993/EXT 2000 
(37)}) 16. Be2 {X a6} b5 (16... Nxe4 17. Nxe4 Qxe4 18. Bxd6 Rbd8 19. Bf3 {
[%cal Gd6c7]} Qxe1+ 20. Qxe1 Rxe1+ 21. Rxe1 Bxb2 22. Bc7 Rc8 23. d6 $18 {
The two bishops are killers here.}) 17. axb6 Rxb6 (17... Nxe4 18. Bxa6 (18.
Nxe4 Qxe4 19. Bxd6 Rxb6 20. Bc7 Rxb2 21. Bxa6 $16) 18... Bxc3 19. bxc3 $16) 18.
Rxa6 (18. Bxa6 Rxb2 19. Nb5 Nxe4 20. Nxd6 Qf6 $1 {There are too many black
pieces around white king}) 18... Nxe4 19. Bd3 $1 (19. Rxb6 $2 Nxc3 20. bxc3
Nxb6 {The pin along the e file is very unpleasant}) (19. Nxe4 Qxe4 20. Rxb6
Nxb6 21. Bxd6 Nxd5 $15) 19... Bxc3 $8 (19... Rxa6 20. Rxe4 $18) 20. bxc3 Rxa6
21. Bxa6 (21. Rxe4 Qxe4 22. Bxe4 Rxe4 $17) 21... Qh4 $1 {I underestimated this
move while going into this line.Now black is able to play f5, and his control
over the center compesates white's bishop pair, and his somewhat weak king.} (
21... Qf6 $2 22. Qf3 {[%cal Ge1e8]}) 22. Qf3 (22. Rxe4 Rxe4 23. Bxd6 Qf6 $17) (
22. g3 Qxh3 (22... Qd8) 23. Bb5 Re7 24. Re3 (24. Qe2 Nxg3 $1 $19) (24. Qf3 $2
Ng5 $19) 24... Ndf6 $17 {[%cal Gf6g4]}) 22... f5 23. Bb5 Ne5 24. Qe3 Re7 25.
Ra1 $1 {Removing the rook from the e file where it's given under a lot of
tactical shots} ({for instance} 25. f3 $2 Nxc3 $1 26. Bg5 Nxf3+ $19) 25... g5
$8 {Now f3 was already a serious threat} 26. Bxe5 Rxe5 27. Bd7 $6 {During the
game I thought that this is the most natural move, to put the bishop on e6
where it can keep an eye on both kings, but as was shown to me by Marin after
the game Ra7 is better with white only needing to get the queen to the 8th
rank to mate} (27. Ra7 $142 Qf4 $1 28. Qxf4 gxf4 29. c4 Nd2 30. f3 Re1+ 31. Kf2
Rc1 32. Rd7 Nxc4 33. Bxc4 Rxc4 34. Rxd6 $11) 27... Nf6 $2 {Surprisingly enough
both players considered this move as the most natural continuation while, in
fact, it's a mistake after which black has serious problems} (27... Kg7 $1 {
Marin} 28. Be6 Kg6 $13) (27... Qf4 28. Be6+ Kg7 29. Qe2 (29. Qxf4 gxf4 30. Ra7+
Kf6 31. Rd7 Nxc3 32. Rxd6 Re1+ 33. Kh2 Ne4 $19) 29... Qd2 30. Qh5 Qxf2+ 31. Kh2
Qf4+ 32. Kg1 $11) 28. Be6+ Kg7 29. Qd3 c4 $2 {Loses at once} (29... Qf4 $8 30.
g3 $1 (30. Qb5 Ne4 31. Rf1 (31. Qd7+ Kh6 32. Rf1 Nxf2 33. Qxd6 Nxh3+ 34. gxh3
Qg3+ $11)) 30... Qe4 31. Qb5 Nxd5 32. Qd7+ Kh6 33. Bg8 $1 (33. Ra7 Qe1+ 34. Kg2
Ne3+ $1 35. fxe3 Qe2+ 36. Kh1 Qf3+ 37. Kh2 Qf2+ $11) 33... Ne7 (33... Nf6 34.
Qxd6 $18) 34. Qxd6+ Kg7 35. Bc4 $16) (29... Qe4 30. Qb5 Nxd5 31. Qd7+ Kh6 32.
Ra7 Qe1+ 33. Kh2 $18) 30. Qb1 $1 Ne4 (30... g4 31. Qb7+ Kh6 32. Qe7 gxh3 33.
Qf8+ Kg5 34. Qg7+ Kf4 35. g3+ $18) 31. Ra2 g4 (31... Nxc3 32. Qb7+ Kh6 33. Bg8
Re1+ 34. Kh2 Qf4+ 35. g3 $18) 32. Qb8 $1 ({but not} 32. Qb7+ Kh6 33. Qf7 gxh3
34. Qf8+ Kh5 (34... Kg5 $2 35. Qe7+ Nf6 36. Qg7+ Kf4 37. g3+ Kf3 38. gxh4 Re1+
39. Kh2 Ng4+ 40. Qxg4+ $18) 35. Bf7+ Kg5 36. Qg7+ Kf4 37. g3+ Nxg3 38. fxg3+
Qxg3+ 39. Qxg3+ Kxg3 {and black is the one winning}) 32... Ng3 $1 {A very
interesting try!} (32... gxh3 33. Ra7+ Kh6 34. Qf8+ Kg5 35. Rg7+ Kf4 36. g3+
Nxg3 37. fxg3+ Qxg3+ 38. Rxg3 Kxg3 39. Qg7+ $18) 33. Ra7+ Kh6 34. Qf8+ Kg5 35.
Rg7+ (35. fxg3 {is winning, but I had a more forced continuation in mind} Qxg3
36. Rg7+ Kf4 37. Rxg4+ $18) ({It wasn't late to lose with:} 35. Qe7+ $4 Kf4 36.
fxg3+ (36. Qxh4 Re1+ 37. Kh2 Rh1#) (36. Kh2 Nf1+ 37. Kg1 Qxe7 38. Rxe7 Re1 $19)
36... Qxg3 $19) 35... Kf4 36. Rxg4+ $1 ({Less percise is} 36. fxg3+ $6 Kxg3 37.
Qxd6 {winning} ({but not} 37. Rxg4+ $4 Qxg4 $1 (37... fxg4 38. Qf2#) 38. hxg4
Re1#)) 36... Qxg4 37. Qh6+ {Picking up black's whole army} (37. Qh6+ Ke4 (37...
Qg5 38. fxg3+ $18) 38. Qe3#) 1-0